| 000 | 00481nam a22001817a 4500 | ||
|---|---|---|---|
| 999 |
_c190224 _d190224 |
||
| 005 | 20220720164342.0 | ||
| 010 | _aENG-133740 | ||
| 020 |
_a9788184983074 _c250.00 |
||
| 035 | _aEN-117272 | ||
| 037 | _bDBAD/PUB | ||
| 082 | _aN | ||
| 100 | _aGarner, Helen | ||
| 245 |
_aThe Spare Room/ _cHelen Garner |
||
| 260 |
_aPune _bMehta Publishing House _c2012 |
||
| 270 |
_a1941 Sadashiv Peth, Madiwale Colony _bPune _e411030 |
||
| 300 |
_a195p. _c20cm(pbk) |
||
| 942 |
_2ddc _cEN _hN _mGAR |
||